00625nam a2200181Ia 4500008004100000100002300041245012700064260001100191300002000202440003900222521000800261650001800269650002400287650002200311942000700333999001900340952008400359140626s9999 xx 000 0 und d aMcCarthy, Valerie. 4aThe role of self-transcendence :ba missing variable in the pursuit of successful aging? /cValerie McCarthy ... [et al.]. cc2013. a6 : 1, page 178 aResearch in Gerontological Nursing aNUR aOlder adults. aSelf-transcendence. aSuccessful aging. cSE c121465d121465 001040aCLbCLcPERd2014-06-26l0pS0573r2014-06-26 00:00:00w2014-06-26ySE